Burj Khalifa Trivia - Statistics

General Stats
  • This quiz has been taken 9 times
  • The average score is 9 of 20
Answer Stats
Hint Answer % Correct
City where the tower is located Dubai
100%
Year the tower officially opened to the public 2010
67%
The tower’s opening was marked with a spectacular show of this kind Fireworks & light display
67%
On exceptionally clear days, views can extend as far as this distant country across the Persian Gulf Iran
67%
In Arabic, the word “Burj” translates to this Tower
67%
Total height of Burj Khalifa in meters 828
33%
Architect who led the design of the building Adrian D. Smith
33%
Luxury hotel brand occupying the lower floors, designed by an Italian fashion icon Armani Hotel
33%
Famous observation deck located on level 148 is branded as At the Top SKY
33%
Structural engineer who developed the innovative “buttressed core” system Bill Baker
33%
Original name before being changed Burj Dubai
33%
Spectacular water feature at its base Dubai Fountain
33%
Real estate development company behind the project Emaar Properties
33%
Flower that inspired the tower’s base design Hymenocallis (desert lily)
33%
Future Saudi megaproject, designed by the same architect, that aims to surpass Burj Khalifa Jeddah Tower
33%
Hollywood movie that featured a daring stunt on the tower Mission: Impossible – Ghost Protocol
33%
The building’s architectural style is often described as Neo-futurism
33%
The skyscraper was named in honor of this UAE president Sheikh Khalifa bin Zayed Al Nahyan
33%
Before Burj Khalifa, this Taiwan landmark held the record as the world’s tallest building Taipei 101
33%
Shopping mall located right next to the tower The Dubai Mall
33%
No matching quizzes found
Score Distribution
Percent of People with Each Score
Percentile by Number Answered
Your Score History
You have not taken this quiz